Лучшие диджеи мира по годам - Statistics

General Stats
  • This quiz has been taken 17 times
  • The average score is 14 of 28
Answer Stats
Год Диджей % Correct
2023 David Guetta
92%
2021 David Guetta
92%
2020 David Guetta
92%
2011 David Guetta
92%
2012 Armin van Buuren
77%
2010 Armin van Buuren
77%
2009 Armin van Buuren
77%
2008 Armin van Buuren
77%
2007 Armin van Buuren
77%
2004 Tiësto
62%
2003 Tiësto
62%
2002 Tiësto
62%
2024 Martin Garrix
46%
2022 Martin Garrix
46%
2018 Martin Garrix
46%
2017 Martin Garrix
46%
2016 Martin Garrix
46%
2006 Paul van Dyk
38%
2005 Paul van Dyk
38%
2014 Hardwell
23%
2013 Hardwell
23%
1999 Paul Oakenfold
23%
1998 Paul Oakenfold
23%
1997 Carl Cox
15%
2019 Dimitri Vegas & Like Mike
15%
2015 Dimitri Vegas & Like Mike
15%
2001 John Digweed
15%
2000 Sasha
8%
No matching quizzes found
Score Distribution
Percent of People with Each Score
Percentile by Number Answered
Your Score History
You have not taken this quiz